[Event "Tourn. n9225"]
[Site "www.chess-mail.com"]
[Date "2017.03.28"]
[Round "1"]
[White "Redapond1"]
[Black "Robinjut"]
[WhiteElo "1690"]
[BlackElo "1540"]
[Result "1-0"]
[Round "1"]
1.d4 d5
2.Bc1f4 Bc8f5
3.Nb1c3 a6
4.e3 e6
5.Ng1f3 Bf8d6
6.Bf4xd6 Qd8xd6
7.Bf1d3 Bf5xd3
8.Qd1xd3 Ng8f6
9.O-O Nb8c6
10.e4 dxe4
11.Nc3xe4 Nf6xe4
12.Qd3xe4 f5
13.Qe4e3 O-O-O
14.c3 g6
15.Nf3g5 Rd8f8
16.Qe3xe6 Qd6xe6
17.Ng5xe6 Rf8f6
18.Rf1e1 Rh8e8
19.Ne6c5 Re8xe1
20.Ra1xe1 h5
21.Re1e8 Nc6d8
22.Nc5xb7 Kxb7
23.Re8xd8 Rf6e6
24.Kf1 f4
25.Rd8f8 g5
26.Rf8g8 g4
27.Rg8h8 f3
28.gxf3 gxf3
29.Rh8xh5 Re6e2
30.Rh5f5 Re2xb2
31.Rf5xf3 Rb2xa2
32.h4 Ra2a5
33.c4 Ra5a4
34.Rf3c3 Ra4a1
35.Kg2 a5
36.h5 Ra1e1
37.Rc3e3 Re1d1
38.d5 Kb6
39.h6 Rd1d4
40.Kg3 Rd4d1
41.Kg2 Rd1d4
42.h7 Rd4h4
43.Re3h3 { resign }
1-0

[Event "Tourn. n9282"]
[Site "www.chess-mail.com"]
[Date "2017.03.28"]
[Round "1"]
[White "Gambitplayer"]
[Black "Falcoale"]
[WhiteElo "1800"]
[BlackElo "1980"]
[Result "0-1"]
[Round "1"]
1.d4 Ng8f6
2.Ng1f3 b6
3.c4 Bc8b7
4.Nb1c3 e6
5.Bc1g5 h6
6.Bg5h4 Bf8e7
7.e3 O-O
8.Bf1d3 Rf8e8
9.O-O d5
 { time }
0-1

[Event "Tourn. n9256"]
[Site "www.chess-mail.com"]
[Date "2017.03.28"]
[Round "1"]
[White "Paulsyd"]
[Black "Picifarkinca"]
[WhiteElo "1959"]
[BlackElo "1890"]
[Result "1-0"]
[Round "1"]
1.e4 e5
2.Ng1f3 Nb8c6
3.Bf1b5 a6
4.Bb5a4 Ng8f6
5.Qd1e2 d6
6.c3 Bf8e7
7.O-O O-O
8.d4 b5
9.Ba4c2 Bc8d7
10.d5 Nc6b8
11.Bc1e3 c6
12.Nb1d2 cxd5
13.exd5 Nf6xd5
14.Qe2d3 Nd5f6
15.Nd2e4 g6
16.Be3h6 Nf6xe4
17.Bh6xf8 Ne4c5
18.Bf8xe7 Qd8xe7
19.Qd3d2 Bd7c6
20.Rf1d1 d5
21.b4 e4
22.Nf3d4 { resign }
1-0

[Event "Tourn. n9043"]
[Site "www.chess-mail.com"]
[Date "2017.03.28"]
[Round "1"]
[White "Fabos12"]
[Black "Prize640"]
[WhiteElo "2110"]
[BlackElo "2280"]
[Result "0-1"]
[Round "1"]
1.d4 Ng8f6
2.c4 c5
3.d5 b5
4.Ng1f3 bxc4
5.Nb1c3 d6
6.e4 g6
7.Bc1g5 Nb8d7
8.Bf1xc4 Bf8g7
9.O-O O-O
10.Qd1d2 Rf8e8
11.Ra1e1 Nf6g4
12.h3 Ng4e5
13.Bc4b5 Ne5xf3
14.gxf3 Nd7e5
15.Kg2 Bc8d7
16.Bg5h4 Qd8c8
17.Bb5xd7 Qc8xd7
18.b3 c4
19.f4 Ne5d3
20.Re1e3 Nd3xf4
21.Kh2 Bg7e5
22.Kh1 Nf4xh3
23.Bh4g3 Nh3f4
24.Kg1 Re8c8
25.Re3f3 Qd7g4
26.Rf3xf4 Be5xf4
27.Qd2xf4 Qg4xf4
28.Bg3xf4 cxb3
29.Nc3a4 bxa2
30.Rf1a1 Rc8c4
31.Ra1xa2 Rc4xe4
32.Bf4e3 h5
33.Na4c3 Re4g4
34.Kh2 Rg4c4
35.Nc3e2 a5
36.Ne2d4 a4
37.Nd4c6 Kf8
38.Be3h6 Ke8
39.Bh6e3 e6
40.dxe6 Rc4xc6
41.exf7 Kxf7
42.Be3d4 Ke6
43.Kg3 Rc6c4
44.Bd4e3 Kf5
45.Ra2a3 Rc4b4
46.Kg2 Rb4b3
47.Be3c1 Rb3xa3
48.Bc1xa3 d5
49.Kf1 Ke4
50.Ke2 d4
{ resign }
0-1

[Event "Tourn. n9261"]
[Site "www.chess-mail.com"]
[Date "2017.03.28"]
[Round "1"]
[White "Iko"]
[Black "Autmich"]
[WhiteElo "1630"]
[BlackElo "1770"]
[Result "0-1"]
[Round "1"]
1.e4 e5
2.Ng1f3 Nb8c6
3.Bf1b5 a6
4.Bb5xc6 dxc6
5.d4 exd4
6.Nf3xd4 c5
7.Nd4f3 Qd8xd1
8.Kxd1 Bc8g4
9.Ke2 O-O-O
10.h3 Bg4h5
11.g4 Bh5g6
12.Nf3g5 h6
13.Ng5f3 Bg6xe4
14.Rh1e1 Rd8e8
15.Kf1 Ng8f6
16.Re1e2 Be4xf3
17.Re2e3 Re8xe3
18.fxe3 Bf8d6
19.Kf2 Bf3d1
20.Nb1c3 Bd1xc2
21.Bc1d2 Rh8e8
22.Ra1c1 Nf6e4
23.Ke2 Ne4xd2
24.Rc1xc2 Nd2c4
25.Nc3d5 Nc4b6
26.Rc2c3 Nb6xd5
27.Rc3d3 Nd5f4
28.Kd2 Nf4xd3
29.Kxd3 c4
30.Kd4 Bd6e5
31.Kxc4 Be5xb2
32.Kb3 Bb2c1
33.Kc2 Bc1xe3
34.Kd3 Be3b6
35.Kc4 g5
36.a4 Re8e3
37.Kb4 Re3xh3
38.a5 Bb6e3
39.Kc4 Rh3h4
40.Kd3 Be3f4
41.Ke4 Rh4xg4
42.Kf5 Rg4g1
43.Kf6 h5
44.Kxf7 h4
45.Kg6 h3
46.Kf5 h2
47.Kf6 h1Q
48.Kf5 Qh1d5
49.Kg6 Rg1h1
50.Kf6 Rh1h6
51.Kg7 Qd5d6
52.Kg8 g4
53.Kg7 g3
54.Kf7 g2
55.Kg7 c5
56.Kf7 c4
57.Kg7 Qd6f6
58.Kg8 Rh6h8

0-1

[Event "Tourn. n9279"]
[Site "www.chess-mail.com"]
[Date "2017.03.28"]
[Round "1"]
[White "Guidom"]
[Black "Scasan55"]
[WhiteElo "2040"]
[BlackElo "1870"]
[Result "0-1"]
[Round "1"]
1.e4 c5
2.Ng1f3 d6
3.d4 cxd4
4.Nf3xd4 Ng8f6
5.Bf1d3 Nb8c6
6.c3 e6
7.O-O Bf8e7
8.Bc1g5 O-O
9.Nb1d2 a6
10.Nd2b3 Qd8c7
11.Kh1 b5
12.Ra1c1 Bc8b7
13.f4 Ra8c8
14.Bd3b1 h6
15.Bg5h4 Rf8e8
16.Qd1d3 e5
17.fxe5 Nc6xe5
18.Qd3g3 Nf6h5
19.Qg3h3 Qc7d7
20.Bh4xe7 Qd7xh3
21.gxh3 Re8xe7
22.Rc1e1 Rc8f8
23.Nd4f5 Re7e6
24.Nb3d4 Re6f6
25.Nf5e7 Kh8
26.Rf1xf6 Nh5xf6
27.Ne7f5 Ne5c4
28.Re1e2 Rf8e8
29.b3 Nf6xe4
30.Bb1xe4 Re8xe4
31.Re2xe4 Bb7xe4
32.Kg1 Nc4e5
33.Nf5xd6 Be4d5
34.Nd6f5 Ne5f3
35.Kf2 Nf3xd4
36.Nf5xd4 g6
37.Nd4e2 Kg7
38.Ne2f4 Bd5e4
39.Ke3 f5
40.Nf4e6 Kf6
41.Ne6c5 Be4b1
42.a3 a5
43.Nc5b7 a4
44.b4 Ke6
45.Nb7d8 Kd5
46.Kd2 f4
47.Nd8f7 h5
48.Nf7g5 Kc4
49.Kc1 Bb1f5
50.Kb2 Kd3
51.h4 Ke3
52.c4 f3
53.Ng5xf3 Kxf3
54.cxb5 Bf5c8
55.Kc3 Kg4
56.Kd4 Kxh4
57.Ke3 g5
58.Kf2 Kg4
59.b6 Kf4
60.b5 Ke4
{ resign }
0-1

[Event "Tourn. n9221"]
[Site "www.chess-mail.com"]
[Date "2017.03.28"]
[Round "1"]
[White "Genius7"]
[Black "Falcoale"]
[WhiteElo "1890"]
[BlackElo "1920"]
[Result "0-1"]
[Round "1"]
1.d4 Ng8f6
2.Bc1g5 e6
3.e4 h6
4.Bg5xf6 Qd8xf6
5.Ng1f3 b6
6.e5 Qf6d8
7.Bf1d3 Bc8b7
8.Nb1d2 Bf8e7
9.O-O O-O
10.Bd3e4 c6
11.Qd1e2 d5
12.Be4d3 c5
13.c3 cxd4
14.cxd4 Nb8c6
15.a3 Bb7c8
16.Ra1c1 Bc8b7
17.Bd3a6 Bb7xa6
18.Qe2xa6 Ra8c8
19.Qa6d3 f5
20.exf6 Be7xf6
 { time }
0-1

[Event "Tourn. n9100"]
[Site "www.chess-mail.com"]
[Date "2017.03.28"]
[Round "1"]
[White "Lachouette"]
[Black "Ditto"]
[WhiteElo "1670"]
[BlackElo "1840"]
[Result "0-1"]
[Round "1"]
1.e4 e5
2.f4 exf4
3.Ng1f3 Nb8c6
4.d4 d6
5.Bc1xf4 Ng8f6
6.Nb1c3 Bc8g4
7.h3 Bg4d7
8.g4 Bd7c8
9.Bf1b5 Bc8d7
10.Qd1d2 Bf8e7
11.O-O-O O-O
12.Kb1 a6
13.Bb5xc6 Bd7xc6
14.d5 Bc6d7
15.Nf3h4 b5
16.Nc3e2 Nf6xe4
17.Qd2d4 Ne4f6
18.Ne2g3 c5
19.Qd4d2 c4
20.Nh4f5 Nf6e8
21.Nf5xg7 Ne8xg7
22.Qd2b4 a5
23.Qb4c3 Be7f6
24.Qc3f3 b4
25.Bf4xd6 Rf8e8
26.Ng3h5 Ng7xh5
27.gxh5 h6
28.Rh1g1 Kh7
29.Rd1f1 Bf6g5
30.Qf3xf7 Kh8
31.Rf1e1 Re8xe1
32.Rg1xe1 Ra8a6
33.Bd6e5 Bg5f6
34.Be5xf6 Ra6xf6
35.Re1e8 Bd7xe8
36.Qf7a7 Rf6f1
{ resign }
0-1

[Event "Tourn. n9270"]
[Site "www.chess-mail.com"]
[Date "2017.03.28"]
[Round "1"]
[White "Genius7"]
[Black "Malbertan"]
[WhiteElo "1980"]
[BlackElo "2070"]
[Result "0-1"]
[Round "1"]
1.c4 e5
2.Nb1c3 Ng8f6
3.g3 c6
4.Bf1g2 d5
5.cxd5 cxd5
6.d3 Bf8b4
7.Bc1d2 Nb8c6
8.a3 Bb4e7
9.Ng1f3 d4
10.Nc3b1 O-O
11.O-O Bc8e6
12.Nf3g5 Be6f5
13.b4 Qd8d7
 { time }
0-1

[Event "Match"]
[Site "www.echecsemail.com"]
[Date "2017.03.28"]
[Round "1"]
[White "Micheles"]
[Black "Ozana"]
[WhiteElo "2550"]
[BlackElo "2010"]
[Result "1-0"]
[Round "1"]
1.d4 Ng8f6
2.Ng1f3 d5
3.Bc1g5 g6
4.Nb1d2 Bf8g7
5.e3 O-O
6.Bf1e2 c5
7.c3 cxd4
8.exd4 Nb8c6
9.O-O Qd8c7
10.Rf1e1 h6
11.Bg5h4 Nf6h5
12.Nf3e5 Bg7xe5
13.dxe5 Nh5f4
14.Be2b5 a6
15.Bb5xc6 bxc6
16.Qd1f3 Nf4e6
17.b4 a5
18.Nd2b3 axb4
19.cxb4 Bc8a6
20.Qf3e3 g5
21.Bh4g3 Rf8b8
22.a3 Qc7b6
23.Nb3c5 Ne6xc5
24.bxc5 Qb6b3
25.e6 Qb3xe3
26.Re1xe3 Rb8b2
27.exf7 Kxf7
28.Ra1e1 Ra8a7
29.Re3f3 Kg6
{ time. }
1-0

[Event "Match"]
[Site "www.echecsemail.com"]
[Date "2017.03.28"]
[Round "1"]
[White "Mechjoura"]
[Black "Calponas"]
[WhiteElo "1809"]
[BlackElo "2010"]
[Result "0-1"]
[Round "1"]
1.c4 e5
2.e3 f5
3.Bf1d3 d6
4.b4 Ng8f6
5.Nb1c3 Bc8e6
6.e4 fxe4
7.Nc3xe4 Nb8d7
8.Ne4g5 Be6g8
9.Bd3f5 Qd8e7
10.Qd1f3 g6
11.Bf5xd7 Nf6xd7
12.d3 O-O-O
13.Ng1e2 Bf8g7
14.Bc1e3 h6
 { time }
0-1

[Event "Match"]
[Site "www.echecsemail.com"]
[Date "2017.03.28"]
[Round "1"]
[White "Bluetealeaf"]
[Black "Ssharp"]
[WhiteElo "1730"]
[BlackElo "2220"]
[Result "0-1"]
[Round "1"]
1.e4 e5
2.d3 Bf8c5
3.Bc1e3 Bc5xe3
4.fxe3 Ng8f6
5.h3 Nb8c6
6.c3 Nf6xe4
7.Qd1f3 Qd8h4
8.Kd1 Ne4f2
9.Kd2 Nf2xh1
10.g3 Nh1xg3
11.Bf1g2 d6
12.Nb1a3 O-O
13.Na3b5 Bc8f5
14.Nb5xc7 Ra8d8
15.a4 Bf5xd3
16.Kxd3 e4
{ resign }
0-1

[Event "Match"]
[Site "www.echecsemail.com"]
[Date "2017.03.28"]
[Round "1"]
[White "Liencam2"]
[Black "Genius7"]
[WhiteElo "2340"]
[BlackElo "1950"]
[Result "1-0"]
[Round "1"]
1.e4 c6
2.d4 d5
3.f3 dxe4
4.fxe4 e5
5.Ng1f3 exd4
6.Bf1c4 Qd8e7
7.O-O Bc8g4
8.Qd1xd4 Nb8d7
9.Nb1c3 Qe7c5
10.Bc1e3 Qc5xd4
11.Be3xd4 Ng8f6
12.Nf3g5 Bg4h5
13.e5 Nf6g4
14.Bc4xf7 Bh5xf7
15.Ng5xf7 Rh8g8
16.Ra1e1  { time }
1-0

[Event "Match"]
[Site "www.echecsemail.com"]
[Date "2017.03.28"]
[Round "1"]
[White "Pdebonis"]
[Black "Andregor"]
[WhiteElo "2049"]
[BlackElo "2540"]
[Result "1-0"]
[Round "1"]
1.e4 e6
2.Qd1e2 Bf8e7
3.d4 d5
4.e5 c5
5.Qe2g4 Kf8
6.Ng1f3 Nb8c6
7.dxc5 Be7xc5
8.Nb1c3 Qd8c7
9.Qg4f4 Ng8e7
10.Nc3b5 Qc7b6
11.Nf3g5 Ne7f5
12.g4 h6
13.Ng5xe6 fxe6
14.gxf5 exf5
15.Qf4g3 a6
16.Nb5c3 Nc6b4
17.Bf1d3 Bc8d7
18.h4 Kf7
19.h5 Bc5d4
20.Bc1e3 Bd4xe3
21.fxe3 Nb4xd3
22.cxd3 Qb6xb2
23.e6 Kg8
24.O-O Qb2xc3
25.exd7 Qc3f6
26.Qg3g6 Qf6c6
27.Rf1xf5 Qc6xd7
28.Ra1f1 Qd7e8
29.Rf5f7 Qe8xe3
30.Kh2 Qe3e5
31.Kh1 Ra8d8
32.Rf7xb7 d4
33.Rf1f7 Qe5e1
34.Kg2 Qe1d2
35.Rf7f2 Qd2g5
36.Kh3 Qg5e3
37.Kg4 Qe3e5
38.Rb7a7 Qe5g5
39.Qg6xg5 hxg5
40.Rf2f7 Rh8h7
41.Rf7e7 a5
42.a4 Rd8c8
43.Ra7xa5 g6
44.Re7xh7 Kxh7
45.Kxg5 { resign }
1-0

[Event "Match"]
[Site "www.echecsemail.com"]
[Date "2017.03.28"]
[Round "1"]
[White "Sociopatas"]
[Black "Biggles"]
[WhiteElo "1809"]
[BlackElo "2140"]
[Result "0-1"]
[Round "1"]
1.c4 e5
2.Ng1f3 Nb8c6
3.e3 Ng8f6
4.a3 d5
5.d4 exd4
6.Nf3xd4 Bc8d7
7.Nb1c3 Nc6xd4
8.exd4 c6
9.Bc1g5 Bf8e7
10.Bf1d3 h6
11.Bg5xf6 Be7xf6
12.cxd5 cxd5
13.Nc3xd5 Qd8a5
14.Qd1d2 Qa5xd5
15.h3 O-O
16.Qd2xh6 gxh6
17.g4 Qd5xh1
18.Bd3f1 Ra8c8
19.Ke2 Bd7b5
20.Ke3 Bb5xf1
21.f4 Rc8c2
22.h4 Rf8e8

0-1

[Event "Match"]
[Site "www.echecsemail.com"]
[Date "2017.03.28"]
[Round "1"]
[White "Claymil"]
[Black "Enpassant"]
[WhiteElo "1499"]
[BlackElo "1299"]
[Result "1-0"]
[Round "1"]
1.c4 e5
2.Nb1c3 Ng8f6
3.g3 d5
4.cxd5 Nf6xd5
5.Bf1g2 Nd5xc3
6.bxc3 Nb8c6
7.Qd1c2 Bf8e7
8.e3 O-O
9.h3 Rf8e8
10.Ng1e2 Bc8e6
11.O-O Nc6a5
12.d3 c5
13.c4 Be7f6
14.Ra1b1 b6
15.Bg2xa8 Qd8xa8
16.Kh2 Qa8f3
17.Ne2g1 Qf3h5
18.Qc2e2 Be6g4
19.f3 Bg4e6
20.Qe2g2 e4
21.g4 Qh5e5
22.f4 Qe5d6
23.Qg2xe4 Be6d7
24.Qe4d5 Na5b7
25.Qd5xd6 Nb7xd6
26.Ng1f3 Nd6b7
27.g5 Bf6e7
28.Nf3e5 Nb7a5
29.Ne5xd7 { resign }
1-0

[Event "Match"]
[Site "www.echecsemail.com"]
[Date "2017.03.28"]
[Round "1"]
[White "Coraza8091"]
[Black "Whitekknight"]
[WhiteElo "1570"]
[BlackElo "1930"]
[Result "0-1"]
[Round "1"]
1.e4 e5
2.Ng1f3 d6
3.Bf1c4 h6
4.c3 Nb8c6
5.Nf3g1 Ng8f6
6.d3 a6
7.h3 Bf8e7
8.Bc4xf7 Kxf7
9.Qd1b3 Kg6
10.Bc1e3 Rh8f8
11.Ng1f3 Kh7
12.Nb1d2 Nf6g8
13.O-O-O Ra8b8
14.Qb3d5 Be7f6
15.Qd5c4 Qd8e7
16.Rd1g1 Bc8e6
17.Qc4a4 Qe7d7
18.g4 g5
19.h4 Qd7g7
20.h5 Be6d7
21.Qa4b3 b5
22.Nd2f1 Rf8e8
23.Qb3a3 a5
24.Nf1g3 Bd7xg4
25.Nf3h2 Bg4e6
26.Ng3f5 Be6xf5
27.exf5 Ng8e7
28.f4 Ne7xf5
29.Be3f2 exf4
30.Qa3b3 Re8e2
31.Bf2e1 Qg7e7
32.Nh2f3 a4
33.Qb3d1 Qe7e3
34.Nf3d2 f3
35.Rg1f1 Nc6e5
36.Kb1 Qe3xd3
37.Ka1 Nf5e3
38.Qd1b1 Ne3c2
39.Qb1xc2 Qd3xc2
40.a3 Ne5d3
{ resign }
0-1

[Event "Match"]
[Site "www.echecsemail.com"]
[Date "2017.03.28"]
[Round "1"]
[White "Chessington"]
[Black "Babedad"]
[WhiteElo "1499"]
[BlackElo "2210"]
[Result "1-0"]
[Round "1"]
1.Ng1f3 Ng8f6
2.g3 d6
3.Bf1g2 Bc8f5
4.O-O e5
5.d4 e4
6.Nf3h4 Bf5g6
7.c4 Nb8d7
8.Nb1c3 Qd8e7
{ time. }
1-0

[Event "Match"]
[Site "www.echecsemail.com"]
[Date "2017.03.28"]
[Round "1"]
[White "Stevep84"]
[Black "Coraza"]
[WhiteElo "2210"]
[BlackElo "1760"]
[Result "0-1"]
[Round "1"]
1.e4 e5
2.Ng1f3 Nb8c6
3.Bf1c4 h6
4.c3 Ng8f6
5.d4 Bf8d6
6.Qd1c2 O-O
7.Bc1e3 Nc6a5
8.b3 Rf8e8
9.Nb1d2 c6
10.O-O b5
11.Bc4d3 a6
12.b4 Na5b7
13.Qc2b3 { time. }
0-1

[Event "Match"]
[Site "www.echecsemail.com"]
[Date "2017.03.28"]
[Round "1"]
[White "Genius7"]
[Black "Pare123"]
[WhiteElo "1950"]
[BlackElo "2080"]
[Result "0-1"]
[Round "1"]
1.d4 e6
2.e4 d6
3.c4 c6
4.Nb1c3 Ng8f6
5.Bf1d3 Bf8e7
6.Ng1e2 O-O
7.O-O h6
8.h3 b6
9.Bc1e3 Bc8b7
10.Qd1d2 Rf8e8
11.f3 Nf6h7
12.f4 c5
13.d5 exd5
14.Nc3xd5 Bb7xd5
15.exd5 Nb8d7
 { time }
0-1

[Event "Match"]
[Site "www.echecsemail.com"]
[Date "2017.03.28"]
[Round "1"]
[White "Joseph1983"]
[Black "Andregor"]
[WhiteElo "2200"]
[BlackElo "2550"]
[Result "0-1"]
[Round "1"]
1.Ng1f3 Ng8f6
2.b3 g6
3.Bc1b2 Bf8g7
4.e3 O-O
5.d4 d6
6.Bf1d3 Nb8c6
7.a3 e5
8.dxe5 dxe5
9.Nb1d2 e4
10.Nd2xe4 Nf6xe4
11.Bb2xg7 Ne4xf2
12.Kxf2 Kxg7
13.Qd1e2 b6
14.Bd3e4 Qd8f6
15.Rh1f1 Rf8e8
16.Qe2c4 Nc6e5
17.Qc4c3 Ne5g4
{ resign }
0-1

[Event "1/64 Finale"]
[Site "www.chess-mail.com"]
[Date "2017.03.28"]
[Round "1"]
[White "Bojan"]
[Black "Jaroslavpech"]
[WhiteElo "2010"]
[BlackElo "1980"]
[Result "0-1"]
[Round "1"]
1.e4 e6
2.d4 d5
3.exd5 exd5
4.c4 Ng8f6
5.Bf1d3 Nb8c6
6.Ng1f3 Bc8g4
7.Bc1e3 Bg4xf3
8.gxf3 Qd8d7
9.a3 dxc4
10.Bd3xc4 O-O-O
11.Bc4b5 Bf8c5
12.Qd1a4 Bc5xd4
13.Bb5xc6 Qd7xc6
14.Qa4xc6 bxc6
15.Nb1c3 Rh8e8
16.Ke2 Nf6d5
17.Nc3xd5 Rd8xd5
18.Ra1c1 Bd4xb2
19.Rc1xc6 Bb2xa3
20.Rh1g1 Ba3c5
21.Rg1c1 Bc5b6
22.f4 Re8e7
23.Kf3 Kb7
24.Rc6c2 g6
25.h4 a5
26.Rc1b1 Ka6
27.Rc2c4 Rd5b5
28.Rb1h1 Rb5b3
29.h5 Bb6xe3
30.fxe3 Rb3xe3
31.Kg4 Kb5
32.Rh1c1 a4
33.hxg6 fxg6
34.Rc4c5 Kb4
35.Rc5c6 a3
36.Rc1b1 Re3b3
37.Rb1d1 a2
38.Rd1d8 a1Q
39.Rd8b8 Ka5
{ resign }
0-1

[Event "1/128 Finale"]
[Site "www.chess-mail.com"]
[Date "2017.03.28"]
[Round "1"]
[White "Redapond1"]
[Black "Awfen"]
[WhiteElo "1690"]
[BlackElo "2050"]
[Result "1-0"]
[Round "1"]
1.d4 d5
2.Bc1f4 Nb8c6
3.Nb1c3 a6
4.e3 Ng8f6
5.Ng1f3 Bc8g4
6.h3 Bg4h5
7.Bf1e2 e6
8.Nf3g5 Bh5g6
9.O-O Bf8e7
10.Be2g4 O-O
11.Bg4xe6 h6
12.Be6xf7 Bg6xf7
13.Ng5xf7 Rf8xf7
14.Qd1f3 Nf6e4
15.Nc3xe4 dxe4
16.Qf3xe4 Be7d6
17.Bf4xd6 Qd8xd6
18.c3 Rf7e7
19.Qe4d3 Ra8e8
20.b4 Nc6e5
21.Qd3c2 Ne5c4
22.Ra1e1 b6
23.Re1e2 Qd6d5
24.Rf1e1 Re7e6
25.e4 Qd5g5
26.e5 Qg5g6
27.Qc2xg6 Re6xg6
28.a4 Rg6e6
29.f4 c5
30.d5 Re6e7
31.a5 bxa5
32.bxc5 a4
33.d6 Re7e6
34.Re2e4 Nc4b2
35.f5 Nb2d3
36.fxe6 Nd3xc5
37.e7 Nc5xe4
38.Re1xe4 Kf7
39.d7 Kxe7
40.dxe8R Kxe8
41.Re4xa4 { resign }
1-0

[Event "1/128 Finale"]
[Site "www.chess-mail.com"]
[Date "2017.03.28"]
[Round "1"]
[White "Redabond"]
[Black "Claymil"]
[WhiteElo "1690"]
[BlackElo "1499"]
[Result "0-1"]
[Round "1"]
1.d4 d5
2.Bc1f4 e6
3.Nb1c3 a6
4.e3 g6
5.Ng1f3 Bf8g7
6.Bf1d3 Ng8e7
7.O-O O-O
8.e4 dxe4
9.Bd3xe4 c6
10.Nc3a4 b6
11.c4 Bc8b7
12.Qd1b3 Nb8d7
 { time }
0-1

[Event "Tourn. n9219"]
[Site "www.chess-mail.com"]
[Date "2017.03.29"]
[Round "1"]
[White "Jazzy"]
[Black "Rons"]
[WhiteElo "2250"]
[BlackElo "2550"]
[Result "0-1"]
[Round "1"]
1.e4 c5
2.Ng1f3 d6
3.d4 cxd4
4.Nf3xd4 Ng8f6
5.Bf1d3 g6
6.O-O Bf8g7
7.Nb1c3 Nb8c6
8.Nd4f3 O-O
9.a3 d5
10.exd5 Nf6xd5
11.Nc3xd5 Qd8xd5
12.c3 Rf8d8
13.Bd3e2 Qd5e4
14.Qd1e1 Bc8f5
15.Bc1e3 Qe4c2
16.Nf3h4 Bf5e6
17.Be3c1 Be6b3
18.Nh4f3 Ra8c8
19.Be2b5 e5
20.Qe1e2 a6
21.Qe2xc2 Bb3xc2
22.Bb5e2 e4
23.Nf3e1 Bc2a4
24.g3 Nc6a5
25.Bc1e3 Rc8c6
26.h4 Rc6d6
27.Kg2 Rd6d2
28.Be3xd2 Rd8xd2
29.Be2g4 f5
30.Bg4h3 Rd2xb2
31.Ra1c1 Bg7h6
{ resign }
0-1

[Event "Tourn. n9002"]
[Site "www.chess-mail.com"]
[Date "2017.03.29"]
[Round "1"]
[White "Seger"]
[Black "Marbachess"]
[WhiteElo "2780"]
[BlackElo "2660"]
[Result "1-0"]
[Round "1"]
1.e4 e6
2.d4 d5
3.Nb1d2 c5
4.Ng1f3 cxd4
5.exd5 Qd8xd5
6.Bf1c4 Qd5d6
7.O-O Ng8f6
8.Nd2b3 Nb8c6
9.Nf3xd4 a6
10.c3 Bf8e7
11.Rf1e1 O-O
12.Bc4d3 Rf8d8
13.Nd4xc6 bxc6
14.Bd3c2 Nf6d5
15.Qd1d3 g6
16.Bc1h6 a5
17.Ra1d1 a4
18.Nb3d2 Qd6b8
19.c4 Bc8a6
20.Qd3f3 Nd5f6
21.Bh6g5 Qb8xb2
22.Bc2xa4 c5
23.Rd1b1 Qb2d4
24.Ba4c6 Ra8a7
25.Nd2b3 Qd4d3
26.Qf3xd3 Rd8xd3
27.Nb3xc5 Rd3d4
28.Bg5xf6 Be7xf6
29.Bc6b5 Ba6c8
30.a4 Ra7c7
31.Nc5b3 Rd4d3
32.c5 Rd3d5
33.g3 Kf8
34.Re1c1 Ke7
35.Rc1c2 e5
36.Rb1e1 Bc8f5
37.Rc2a2 Rd5d8
38.c6 Rd8d5
39.Nb3d2 Bf6g7
40.Nd2c4 Bf5e6
41.Ra2e2 f6
42.f4 Rd5d4
43.Nc4e3 Rd4d8
44.Re2f2 Rd8d4
45.Ne3c2 Rd4d6
46.Rf2e2 Be6g4
47.Re2e3 Rd6d2
48.Nc2b4 Kd6
49.Nb4a6 Rc7c8
50.c7 Bg4e6
51.Re1b1 g5
52.fxe5 fxe5
53.Re3e2 Rd2d4
54.Re2c2 Be6f5
55.Rc2c6 Ke7
56.Rb1e1 e4
57.Rc6c5 Bf5g6
58.Na6b8 Rd4d3
59.Kg2 Rd3d2
60.Kh1 Bg7d4
61.Nb8c6 Kd6
62.Nc6xd4 Kxc5
63.Nd4b3 Kd5
64.Nb3xd2 Rc8xc7
65.Kg1 Rc7c3
66.a5 e3
67.Nd2c4 Kc5
68.Bb5a6 Kb4
69.Nc4xe3 { resign }
1-0

[Event "Tourn. n9141"]
[Site "www.chess-mail.com"]
[Date "2017.03.29"]
[Round "1"]
[White "Genius3"]
[Black "Roque1"]
[WhiteElo "1870"]
[BlackElo "1870"]
[Result "0-1"]
[Round "1"]
1.d4 d5
2.Bc1f4 Nb8c6
3.e3 Ng8f6
4.Ng1f3 Bc8g4
5.Bf1b5 e6
6.Nb1d2 Bf8d6
7.Bb5xc6 bxc6
8.Bf4xd6 Qd8xd6
9.O-O O-O
10.h3 Bg4f5
11.Nf3e5 Nf6e4
12.Nd2xe4 Bf5xe4
13.Qd1d2 c5
14.c3 f6
15.Ne5g4 e5
16.dxe5 fxe5
17.f3 Be4g6
18.Ra1d1 e4
19.fxe4 Bg6xe4
20.Rf1xf8 Ra8xf8
21.Rd1f1 Rf8xf1
22.Kxf1 Qd6g6
23.Qd2f2 Qg6a6
24.Kg1 Qa6xa2
25.Ng4e5 d4
26.exd4 cxd4
27.cxd4 Qa2d5
28.b4 Qd5b3
29.Qf2f4 Be4d5
30.Ne5d7 Qb3xb4
 { time }
0-1

[Event "Tourn. n9247"]
[Site "www.chess-mail.com"]
[Date "2017.03.29"]
[Round "1"]
[White "Vasylpuzanov"]
[Black "Genius9"]
[WhiteElo "1620"]
[BlackElo "1720"]
[Result "1-0"]
[Round "1"]
1.e4 e5
2.f4 d5
3.exd5 e4
4.Nb1c3 Ng8f6
5.d3 Bf8b4
6.dxe4 Nf6xe4
7.Qd1d4 Bb4xc3
8.bxc3 Ne4f6
9.c4 O-O
10.h3 Rf8e8
11.Bc1e3 Re8e4
12.Qd4d2 Qd8e8
13.Kf2 Nb8d7
14.Bf1d3 Re4xc4
15.Ng1f3  { time }
1-0

[Event "Tourn. n9152"]
[Site "www.chess-mail.com"]
[Date "2017.03.29"]
[Round "1"]
[White "Falcoale"]
[Black "Genius3"]
[WhiteElo "1940"]
[BlackElo "1850"]
[Result "1-0"]
[Round "1"]
1.e4 c6
2.d4 d5
3.exd5 cxd5
4.Ng1f3 Ng8f6
5.Nb1c3 Nb8c6
6.Bf1e2 e6
7.O-O Bc8d7
8.Bc1g5 Bf8e7
9.Rf1e1 O-O
10.h3 h6
11.Bg5h4 Rf8e8
12.Be2d3 Nc6b4
13.Nf3e5 Nb4xd3
14.Qd1xd3 a6
15.Ne5xd7 Qd8xd7
16.Ra1d1 Re8c8
17.Re1e2 b5
18.Bh4g3 b4
19.Nc3b1 a5
20.Nb1d2 Ra8b8
21.Bg3xb8 Rc8xb8
22.Re2e3 Rb8c8
23.Nd2f3 Nf6e4
24.Nf3e5 Qd7d6
25.Ne5f3 Qd6c7
26.Nf3e5 Be7f6
27.Ne5g4 Bf6e7
28.Re3e2 Qc7c4
29.Qd3f3 Be7d6
30.Ng4e5 Bd6xe5
31.dxe5 Qc4xa2
32.Re2xe4 dxe4
33.Qf3xe4 Qa2xb2
34.Kh2 Qb2xc2
35.Qe4xc2  { time }
1-0

[Event "Tourn. n9255"]
[Site "www.chess-mail.com"]
[Date "2017.03.29"]
[Round "1"]
[White "Momahony"]
[Black "Francesco"]
[WhiteElo "2279"]
[BlackElo "2020"]
[Result "1/2-1/2"]
[Round "1"]
1.d4 d5
2.Ng1f3 Bc8g4
3.Nf3e5 Bg4h5
4.c3 Nb8d7
5.Bc1f4 Ng8f6
6.Nb1d2 e6
7.Qd1b3 b6
8.e3 c5
9.Bf1b5 c4
10.Qb3a4 Bf8e7
11.Ne5xd7 Nf6xd7
12.Bb5c6 Ra8c8
13.Bc6b7 a5
14.O-O Bh5g6
15.Nd2f3 Bg6d3
16.Rf1e1 Bd3e4
17.Nf3e5 Be7d6
18.Bb7xc8 Qd8xc8
19.Ne5xd7 Qc8xd7
20.Qa4xd7 Kxd7
21.Bf4xd6 Kxd6
22.f3 Be4d3
23.e4 dxe4
24.fxe4 b5
25.a3 Rh8d8
26.Re1e3 h6
27.Ra1e1 g6
28.Re3f3 Rd8d7
29.Re1e3 Rd7e7
30.e5 Kd5
31.Rf3f6 Bd3e4
32.Kf2 h5
33.g3 Be4f5
34.Kf3 Bf5g4
35.Kg2 Bg4f5
36.h4 Bf5c2
37.Kf3 Bc2f5
38.Kf4 Kc6
39.Kg5 Kd7
40.Kh6 Ke8
41.Kg7 Bf5d3
42.Re3f3 Bd3f5
43.Rf3f4 Re7d7
44.Kg8 Rd7e7
45.Rf4f2 Re7d7
46.Rf2d2 Bf5e4
47.Rd2f2 { draw }
1/2-1/2

[Event "Tourn. n9253"]
[Site "www.chess-mail.com"]
[Date "2017.03.29"]
[Round "1"]
[White "Powerchess"]
[Black "Mihaiiorga"]
[WhiteElo "1630"]
[BlackElo "1789"]
[Result "0-1"]
[Round "1"]
1.c4 d6
2.d4 Ng8f6
3.Nb1c3 Nb8d7
4.e4 e5
5.d5 Bf8e7
6.Ng1f3 O-O
7.Bf1e2 c6
8.O-O Nd7c5
9.Qd1c2 cxd5
10.exd5 a5
11.h3 Nf6d7
12.Bc1e3 f5
13.Be3xc5 dxc5
 { time }
0-1

[Event "Tourn. n9245"]
[Site "www.chess-mail.com"]
[Date "2017.03.29"]
[Round "1"]
[White "Genius7"]
[Black "Falcoale"]
[WhiteElo "1960"]
[BlackElo "1980"]
[Result "0-1"]
[Round "1"]
1.e4 c5
2.Ng1f3 Nb8c6
3.Bf1b5 a6
4.Bb5xc6 bxc6
5.d4 cxd4
6.Nf3xd4 g6
7.c4 Bf8g7
8.Nb1c3 Bc8b7
9.Bc1e3 c5
10.Nd4e2 d6
11.f3 Ng8f6
12.O-O O-O
13.Qd1d2 Qd8c7
14.Be3h6 Nf6d7
15.Bh6xg7 Kxg7
16.Nc3d5 Qc7d8
17.a3 e6
 { time }
0-1

[Event "Tourn. n9269"]
[Site "www.chess-mail.com"]
[Date "2017.03.29"]
[Round "1"]
[White "Comrade"]
[Black "Paaliaq"]
[WhiteElo "2250"]
[BlackElo "2670"]
[Result "1-0"]
[Round "1"]
1.c4 e5
2.Nb1c3 Bf8b4
3.d3 Ng8f6
4.Bc1d2 O-O
5.e3 Rf8e8
6.Ng1e2 c6
7.a3 Bb4a5
8.b4 Ba5c7
9.g3 d5
10.Bf1g2 dxc4
11.dxc4 Bc8e6
12.c5  { time }
1-0

[Event "Tourn. n9259"]
[Site "www.chess-mail.com"]
[Date "2017.03.29"]
[Round "1"]
[White "Hundegana"]
[Black "Guidom"]
[WhiteElo "2050"]
[BlackElo "2100"]
[Result "0-1"]
[Round "1"]
1.e4 e5
2.Ng1f3 Nb8c6
3.c3 d6
4.d4 exd4
5.cxd4 Bf8e7
6.Bf1b5 Bc8d7
7.O-O Ng8f6
8.e5 Nf6d5
9.Rf1e1 O-O
10.Nb1c3 Nd5xc3
11.bxc3 a6
12.Bb5d3 dxe5
13.Nf3xe5 Nc6xe5
14.dxe5 Be7c5
15.Qd1f3 Bd7c6
16.Bd3e4 Bc6xe4
17.Qf3xe4 c6
18.Ra1b1 Qd8e7
19.Kh1 Ra8d8
20.f4 f5
21.Qe4f3 Rd8d5
22.c4 Rd5d7
23.Bc1b2 Qe7e6
24.Qf3f1 Rf8d8
25.Rb1d1 Rd7xd1
26.Re1xd1 Rd8xd1
27.Qf1xd1 Qe6xc4
28.Bb2c1 Qc4d4
29.Qd1xd4 Bc5xd4
30.g3 Kf7
31.Kg2 Ke6
32.Kf3 h5
33.h3 g6
34.g4 hxg4
35.hxg4 c5
36.gxf5 gxf5
37.Bc1d2 b5
38.Bd2e3 Kd5
39.Be3xd4 cxd4
40.Ke2 a5
41.Kd3 b4
42.Kc2 a4
43.Kd2 b3
44.axb3 axb3
45.Kd3 Kc5
46.Kd2 Kd5
47.Kc1 d3
48.Kd2 b2
49.Kxd3 b1Q
50.Ke3 Qb1e4
51.Kf2 Qe4xf4
52.Kg2 Kxe5
53.Kh3 Qf4g5
54.Kh2 Kf4
55.Kh1 Kf3
56.Kh2 Qg5g2
{ resign }
0-1